000 00771nam a2200253 i 4500
001 9949
003 ES-MaACL
005 20250722125355.0
007 t|
008 940531s1985 sp ||||1| spa d
020 _a84-376-0555-5
080 _a86.0(72)-311.2"19"
080 _a86.0(72)(Azuela,A.7 T.01)
100 1 _aAzuela, Arturo.
_924373
245 1 3 _aEl Tamaño del infierno /
_cArturo Azuela ; edición de Jorge Rodríguez Padrón.
260 _aMadrid :
_bCátedra,
_cD.L. 1985.
300 _a406 p. ;
_c18 cm.
490 1 _aLetras hispánicas ;
_v237
700 0 _aRodríguez Padrón, Jorge,
_d1943-
_998716
830 0 0 _aLetras hispánicas ;
_v237
_9235703
852 _aES-MaACL
_jL-17453
_bR.122546
942 _2udc
999 _c9949
_d9949